000 00906nam a2200229 a 4500
001 BRCA_8587
005 20190320210335.0
008 220816s--------mx-#######---#000-0#spa-#
041 _aspa
044 _amx
245 1 0 _aColección de documentos.
260 _a[s.l.]
_b[s.i.]
_c17--?
300 _a1 vol. (sin paginación)
_c30 cm
500 _aFondo antiguo
500 _aSe encuentra en Caja Fuerte
500 _aD-6
500 _aNota de encuadernación: carpeta en piel de becerro
505 0 _aContiene: sello qvarto vn qvartillo años de mil y seiscientos y cinqventa y seis y cinqvuenta y siete.-- Colección de 24 dibujos elaborados a mano.-- Indice de lo q. contiene este cuaderno de reales ordenanzas pertesiente a Don Franz Ma Ruiz año de 1782
506 0 _aFondo reservado: para su consulta es necesario credencial de usuario y carta de motivos
902 _aLAR
942 _2lcc
_cB
999 _c8250
_d8250